Quizzes
Events
Quiz Creation
Community
Videos
Private Events
Remove Ads
Sign In
Join for FREE
Feedback
Dark Mode
Quiz Categories
Sports
Geography
Music
Movies
Television
Just For Fun
Miscellaneous
History
Literature
Language
Science
Gaming
Entertainment
Religion
Holiday
For Kids
Quiz Lab
Recent
Popular Today
Quiz Kudos Today
Editor Picks
Curator Picks
Quizzes by...
Day
Popularity
Type
Ratings
Length
Year
Community
Subscriptions
Recent Discussions
Orange Saloon
Badges
Playlists
Quests
Create
Leaderboards
Showdown
Live 5
Trivia Bingo
Activity
Puzzle Library
Sporcle Events
Private Events
Virtual Trivia
Globe League
Become a Host
Pub Owners
SporcleCon
Opinionation
Our Games
Videos
Blog
Mobile Apps
Partnerships
Remove Ads and Go Orange
Feedback
Sports
Athletes
MLB
NBA
NHL
NFL
Soccer
Sports Teams
WWE
NCAA
Football
Premier League
Basketball
Baseball
Hockey
Golf
Tennis
Cricket
Rugby
Auto Racing
Olympics
World Cup
Sports
Athletes
MLB
NBA
NHL
NFL
Soccer
Sports Teams
WWE
NCAA
Football
Premier League
Basketball
Baseball
Hockey
Golf
Tennis
Cricket
Rugby
Auto Racing
Olympics
World Cup
Random Quiz
Search Sporcle
×
Quiz Lab
Quiz Lab
Sports
Bowl
Type in answers that appear in a list
Type in answers that appear in a list
Classic
Best Score? Go Orange.
Super bowl winning starting Quarterbacks Stats
Can you name the all the QB's that started and won a Super Bowl??
By
Patrick
6m
43 Questions
1,625 Plays
1,625 Plays
1,625 Plays
Comments
Comments
Give Quiz Kudos
Give Quiz Kudos
-
- Ratings
hide this ad
Replay
Link that replays current quiz
Next Quiz
Link to next quiz in quiz playlist
You Got
0%
They Got
Avg Score
79%
Avg Friend Score
Upgrade to see
Score Distribution
Jump to the score distribution portion of the page
Score
0/43
Timer
06:00
0
Plays Today
Super Bowl #
Starting QB
% Correct
XXXVIII
Tom Brady
98.6%
XXXVI
Tom Brady
98.6%
XXXIX
Tom Brady
98.6%
XLI
Peyton Manning
98.3%
XLII
Eli Manning
98.3%
XXXI
Brett Favre
96.7%
XXXII
John Elway
96.6%
XXXIII
John Elway
96.6%
XVI
Joe Montana
96.4%
XIX
Joe Montana
96.4%
XXIII
Joe Montana
96.4%
XXIV
Joe Montana
96.4%
XXVII
Troy Aikman
95.6%
XXVIII
Troy Aikman
95.6%
XXX
Troy Aikman
95.6%
XL
Ben Roethlisberger
95.5%
XXIX
Steve Young
95.1%
XXXIV
Kurt Warner
94.8%
IX
Terry Bradshaw
91.1%
X
Terry Bradshaw
91.1%
XIII
Terry Bradshaw
91.1%
XIV
Terry Bradshaw
91.1%
Super Bowl #
Starting QB
% Correct
I
Bart Starr
89.8%
II
Bart Starr
89.8%
XXI
Phil Simms
83.3%
XXXV
Trent Dilfer
82.2%
XXXVII
Brad Johnson
80%
V
Johnny Unitas
78.5%
VI
Roger Staubach
78.4%
XII
Roger Staubach
78.4%
XX
Jim McMahon
69.5%
VII
Bob Griese
65%
VIII
Bob Griese
65%
XXII
Doug Williams
61.4%
XVII
Joe Theismann
57.4%
XI
Ken Stabler
51.6%
III
Joe Namath
51%
XXVI
Mark Rypien
45%
XV
Jim Plunkett
43.9%
XVIII
Jim Plunkett
43.9%
IV
Len Dawson
41.5%
XXV
Jeff Hostetler
38.8%
XLIII
Ben Roethlisberger
23.6%
Quiz Playlist
Details
Report
Send in Message
Add To Playlist
Classic:
Type in answers that appear in a list
Last Updated: Feb 16, 2017
Quiz Scoreboard
CHALLENGE
Sign Up to Join the Scoreboard
Show All
Scores
Hide
Comments
May contain spoilers
Recently Published
Billboard Blitz: Fleetwood Mac
by CooCooCachoo
Music
15s
Presidents Visiting Landmarks
by Hejman
History
7m
An Introduction to Baseball
by treessimontrees
Sports
5m
More to Explore
Quiz From the Vault
Featured Blog Post
Where Did the Easter Bunny Come From?
hide this ad
You Might Also Like...
Tags
Bowl
Quarterbacks
Started
Starting
Super Bowl
team
Winning
Won
Today's Top Quizzes in Sports
Browse Sports
hide this ad
Today's Top Quizzes in Bowl
Browse Bowl
Top Contributed Quizzes in Sports
1
Les meilleurs buteurs des matchs entre le PSG et l’OM
2
2022 World Cup Stars
3
FIFA Club World Cup Champions
4
Les entraîneurs de l'OM et du PSG au 21e siècle
5
Criteria MLB: Left Handed Sluggers
6
AFC Teams Reveal (Wrong Answers Minefield)
7
5-to-1: UK Sports Teams
8
Name the Premier League winners with different clubs
9
5-to-1: FBS Animal Nicknames
10
Players with Multiple 50 Home Run Seasons
Explore More
Trending Topics
Marvel
Crossword
Anime
Harry Potter
Disney
NBA
Kpop
WWE
Song
Country
Pokémon
Soccer
Puzzle
The Office
NFL
hide this ad
More By:
Patrick
Quiz
Plays
Rating
Category
Featured
Created
Official NBA Playoffs Quiz
6,642
2.29
Sports
Apr 21, 2011
Most NCAA Tournament 1-Seeds
3,818
4.19
Sports
Mar 14, 2011
Hall of Fame WR's in the NFL
1,899
4.00
Sports
Oct 25, 2009
Hallelujah lyrics
1,200
3.24
Music
Jan 19, 2010
Legendary Pokemon Trios
1,113
1.78
Gaming
Apr 11, 2010
Go to Creator's Profile
Score Distribution
Quiz Creator Spotlight
Patrick
Follow
Send a Message
Quizzes Created
-
Created Quiz Play Count
-
More By This Creator
Popular Quizzes Today
1
Find the US States - No Outlines Minefield
2
Find the Countries of Europe - No Outlines Minefield
3
The Countries of the World
4
Find the US States
5
Risky Map Clicking: Biggest States A-Z
6
US States
7
Popular People in 1961
8
Movies - When Are They Set?
More Sports Quizzes
Alphabet Image Soup: Canadian Big 4 Teams
Curator's Pick
Trending Quizzes
Risky Map Clicking: Least Populous States A-Z
1-10 Letter G Words
1-10 Letter F Words
Risky Map Clicking: Next State Alphabetically
Click the Washington State Counties! (Map)
Recently Updated
Leaping Animals
pecheneg
Reality TV Shows (A-Z)
bhenderson79
Rickey Henderson's Hall of Fame Teammates
pecheneg
Champions League XIs: Arsenal
pecheneg
Quick Pick: Celebrities in WWE's Hall of Fame
aduchscher
A-Z Keypad Blitz II
pecheneg
Multiple Oscar Actors
pecheneg
Mystery Phrase Blitz: Oscar 'Best Actors'
pecheneg
F. Scott Fitzgerald Novels
LTH
Pick 3 Villains
ddd62291
Trending Topics
Harry Potter
Crossword
Anime
NBA
Disney
Marvel
Kpop
Soccer
Puzzle
Song
NFL
Country
WWE
Pokémon
The Office
Your Account Isn't Verified!
In order to create a playlist on Sporcle, you need to verify the email address you used during registration. Go to your
Sporcle Settings
to finish the process.
Report this User
Report this user for behavior that violates our
Community Guidelines
.
Details:
Send Report
Go to the Sporcle.com Mobile Site →
Comments